000 00441nam a2200181Ia 4500
001 3841
005 20260306145713.0
008 260306t2003||||xx |||||||||||||| ||spa||
041 _aESP
082 _a303.625
_bL24
100 _aLaqueur, Walter
_eAUT
245 0 _aLa guerra sin fin:
_bel terrorismo en el siglo XXI
260 _c2003
300 _a380 páginas :
_c23 cm.
650 _aGEN
654 _aCHU
942 _cLIB
_dJUS
_fJUS
_2ddc
_n
999 _c3841
_d3841